| 000 | 00472nam a2200157 a 4500 | ||
|---|---|---|---|
| 001 | 000028152 | ||
| 005 | 20200930031407.0 | ||
| 008 | 110407s1995 dr c 000 0 spa d | ||
| 040 |
_aDO-SdBNP _bspa _cBNPHU |
||
| 082 |
_axxxx _bM533a |
||
| 245 | 0 | 0 | _aMemoria anual 1995. |
| 260 |
_aSanto Domingo : _bFONDOMICRO, _c[1995]. |
||
| 300 |
_a26 p. : _bretrs. ; _c25 cm. |
||
| 710 | 1 |
_aRepública Dominicana. _bFondo para el Financiamiento de la Microempresa _955153 |
|
| 049 | _aBNPD | ||
| 999 |
_c27644 _d27644 |
||